000 00855cam a22002774a 4500
001 12689638
005 20180315110905.0
008 020301s2002 enka b 001 0 eng
010 _a 2002003058
020 _a1853838624 (hardcover)
020 _a1853838632 (pbk.)
035 _a(DLC)4882
035 _a(DLC) 2002003058
040 _aDLC
_cDLC
_dDLC
041 _aeng
042 _apcc
080 _a658.3124 ROB
082 0 0 _a658.3124 ROB
_221
100 1 _a52
101 _aLED
245 1 0 _aParticipatory workshops :
_cRobert Chambers.
504 _aIncludes bibliographical references and indexes.
906 _a7
_bcbc
_corignew
_d1
_eecip
_f20
_gy-gencatlg
942 _2ddc
_cBK
999 _c45185
_d45185